000 00664nam a22001935i 4500
001 165932
003 ES-MaACL
005 20230906213230.0
008 010509s1882 xxk |||| | eng d
040 _aCCPB | B
_bspa
_cCCPB | B
100 1 _aSyme, David.
_9132984
245 1 0 _aRepresentative government in England
_b: its faults and failures /
_cby David Syme.
250 _a2nd ed.
260 _aLondon :
_bKegan Paul, Trench & Co.,
_c1882 (
_fWilliam Clowes and sons)
300 _aXXV, 220 p. ;
_c21 cm.
650 4 _aGobierno representativo-
_zGran Bretaña.
_9136193
752 _aGran Bretaña -
_dLondres
852 _aES-MaACL
_jG-10468
_z-- Enc. tela
999 _c165932
_d165932